• 首页
  • 本馆介绍
  • 公告通知
  • 最新文献
  • 馆藏检索
  • 电子资源
  • 读者导购
  • 参考咨询
  • 我的图书馆
  • 登录
  • 详细信息显示
  • 放入我的书架
  • 预约/预借图书
  • 作者相关作品
  • 分类相关作品
  • 丛书相关作品
  • 出版社相关作品

书目信息

  • 表格格式
  • 工作单格式
  • 卡片格式
题名:
中华人民共和国海关进出口税则税目税率调整表
    
 
作者: ;海关总署 , 国务院 编
分册:  
出版信息: 北京   改革出版社  1993
页数: 62页
开本: 26cm
丛书名:
单 册:
中图分类: F812.42 , F752.5
科图分类:
主题词: 进口--关税征收--中国--标准 , 关税征收--进口--中国--标准 , 出口--关税征收--中国--标准 , 对外贸易--世界
电子资源:
ISBN: 7-80072-535-9
000 01087nam0 2200289 45
001 1554155501
005 20150121150300.18
009 TLS9402632
010    @a7-80072-535-9@dCNY3.00
100    @a19940602d1993 em a0chiy0120 ea
101 0  @achi
102    @aCN@b110000
105    @ak l 000yy
200 1  @a中华人民共和国海关进出口税则税目税率调整表@AZhong Hua Ren Min Gong He Guo Hai Guan Jin Chu Kou Shui Ze Shui Mu Shui Lu^ Tiao Zheng Biao@f中华人民共和国海关总署关税司, 国务院税则委员会办公室 @FZhong Hua Ren Min Gong He Guo Hai Guan Zong Shu Guan Shui Si , Guo Wu Yuan Shui Ze Wei Yuan Hui Ban Gong Shi
210    @a北京@c改革出版社@d1993
215    @a62页@d26cm
300    @a正题名取自封面。
606    @a进口--关税征收@y中国@x标准
606    @a关税征收--进口@y中国@x标准
606    @a出口--关税征收@y中国@x标准
606 0  @a对外贸易@x世界
690    @aF812.42@v3
690    @aF752.5@v4
711 02 @a海关总署@AHai Guan Zong Shu@b关税司@4编
711 02 @a国务院@AGuo Wu Yuan@b税则委员会办公室@4编
801  0 @aCN@bTSSF@c20150121
905    @aZUCC@dF752.5@eJY2
    
    中华人民共和国海关进出口税则税目税率调整表/中华人民共和国海关总署关税司, 国务院税则委员会办公室 .-北京:改革出版社,1993
    62页;26cm
    正题名取自封面。
    
    ISBN 7-80072-535-9:CNY3.00
    
●
相关链接 在E读中查询图书 在五车中查询图书 在当当中查询图书 在豆瓣中查询图书


正题名:中华人民共和国海关进出口税则税目税率调整表     索取号:F752.5/JY2         预约/预借

序号 登录号 条形码 馆藏地/架位号 状态 备注
1 7854073   278540731   学院路分馆/ [索取号:F752.5/JY2] 在馆    
欢迎您!
大连网信软件有限公司© 版权所有